000 00367nam a22001577a 4500
003 SGT
020 _a9788132229261
082 _a617.8
_bI14M
100 _aMANKEKAR, GAURI
245 _aIMPLANTABLE HEARING DEVICES OTHER THAN COCHLEAR IMPLANTS
250 _a1ST
260 _aINDIA
_bSPRINGER PUB
_c2014
300 _a109
650 _aAUDIOLOGY
942 _2ddc
_cBK
999 _c21021
_d21021